League of Legends - Les combattants - Statistiques

Statistiques générales
  • Ce quiz a été pris 67 fois
  • Le résultat moyen est 42 sur 68
Statistiques - réponses
Hint Réponse % Correct
1 Aatrox
95%
65 Yasuo
93%
4 Darius
91%
12 Garen
91%
66 Yone
91%
47 Sett
90%
35 Ornn
79%
59 Vi
79%
34 Olaf
78%
61 Volibear
78%
20 Jax
76%
56 Tryndamere
76%
60 Viego
74%
9 Fiora
72%
67 Yorick
72%
6 Dr Mundo
69%
16 Hecarim
69%
29 Mordekaiser
69%
64 Xin Zhao
69%
25 Lee sin
67%
30 Nasus
67%
57 Udyr
66%
62 Warwick
66%
18 Irelia
64%
21 Jayce
64%
23 Kayn
64%
24 Kled
64%
41 Renekton
64%
36 Panthéon
62%
46 Sejuani
62%
14 Gragas
60%
19 Jarvan IV
60%
28 Malphite
60%
31 Nautilus
60%
40 Rek'sai
60%
58 Urgot
60%
13 Gnar
59%
15 Gwen
59%
17 Illaoi
59%
50 Sion
59%
63 Wu kong
59%
68 Zac
59%
3 Camille
57%
43 Riven
57%
10 Fizz
55%
55 Trundle
55%
5 Diana
53%
11 Gangplank
53%
32 Nocturne
52%
39 Rammus
52%
48 Shyvana
52%
8 Elise
50%
49 Singed
50%
53 Taric
50%
2 Blitzcrank
48%
37 Poppy
48%
44 Rumble
48%
27 Maître Yi
47%
38 Qiyana
47%
51 Skarner
47%
54 Thresh
47%
33 Nunu et Willump
45%
7 Ekko
43%
22 Kayle
43%
26 Lillia
40%
42 Rengar
40%
52 Swain
40%
45 Ryze
31%
Aucun quiz correspondant
Distribution des résultats
% des personnes avec chaque résultat
Percentile par nombre de réponses
Votre historique - résultats
Vous n’avez pas pris ce quiz